Statistics for Countries with a Humid Subtropical Climate

Click here to take the quiz!

General Stats

  • This quiz has been taken 111 times
  • The average score is 42 of 61

Answer Stats

Answer% Correct
United States
98%
United States
98%
Mexico
91%
Argentina
85%
Brazil
85%
Cuba
85%
France
85%
France
85%
France
85%
Italy
85%
Spain
85%
United Kingdom
85%
Chile
83%
China
83%
Guatemala
83%
Portugal
80%
Uruguay
80%
Croatia
79%
Paraguay
79%
Albania
78%
Bolivia
78%
Bulgaria
78%
Ecuador
78%
Greece
78%
Honduras
76%
India
76%
Russia
76%
Bosnia and Herzegovina
75%
Japan
75%
Dominican Republic
74%
Serbia
74%
Kosovo
73%
Montenegro
73%
Romania
73%
Slovenia
73%
Turkey
69%
Turkey
69%
Hungary
68%
North Macedonia
68%
San Marino
64%
Pakistan
63%
Australia
61%
Iran
61%
South Korea
60%
South Africa
58%
New Zealand
56%
Vietnam
56%
Switzerland
55%
Mozambique
51%
Taiwan
50%
Tanzania
50%
Madagascar
46%
Georgia
45%
Ethiopia
44%
Armenia
41%
Azerbaijan
41%
Philippines
38%
Eswatini
34%
Eritrea
33%
Lesotho
33%
Mauritius
26%

Score Distribution

Percentile by Number Answered

Percent of People with Each Score

Your Score History

You have not taken this quiz